| 000 | 00672nam a2200205 i 4500 | ||
|---|---|---|---|
| 001 | 108808 | ||
| 003 | ES-MaACL | ||
| 005 | 20230906184719.0 | ||
| 007 | t| | ||
| 008 | 061121s1981 ck |||| | spa d | ||
| 080 | _a811.134.2'367.625 | ||
| 100 | 1 |
_aMourelle de Lema, Manuel. _983896 |
|
| 245 | 1 | 4 |
_aLos verbos causativos en español / _cManuel Mourelle de Lema. |
| 260 |
_aBogotá : _bInstituto Caro y Cuervo, _c1981. |
||
| 300 |
_a9 p. ; _c23 cm. |
||
| 595 | _aSeparata de: Thesaurus: boletín del Instituto Caro y Cuervo, t. 36, 1981. | ||
| 650 | 4 |
_aLengua española- _xVerbo. _9149818 |
|
| 710 | 2 |
_aInstituto Caro y Cuervo. _94806 |
|
| 852 |
_aES-MaACL _j2126-F-1 |
||
| 999 |
_c108808 _d108808 |
||